[Event "MS 2011-2012"]
[Site "?"]
[Date "2012.02.28"]
[Round "9.7"]
[White "Mladìjovský, Miroslav"]
[Black "Koki, Jan"]
[Result "0-1"]
[WhiteElo "1738"]
[BlackElo "1545"]
[PlyCount "100"]
[EventDate "2011.11.21"]
[SourceDate "2012.02.29"]
[WhiteTeam "Slovan "A""]
[BlackTeam "Mar.Hory "C""]

1. d4 c6 2. c4 d5 3. Nf3 h6 4. e3 Bf5 5. Nc3 e6 6. cxd5 exd5 7. Ne5 Nd7 8. Qf3
Qf6 9. Nxd7 Bxd7 10. Be2 Qxf3 11. Bxf3 Nf6 12. h3 Bb4 13. Bd2 Bxc3 14. Bxc3 Bf5
15. Bb4 Kd7 16. O-O Rhe8 17. Be2 h5 18. Rac1 g5 19. Rfe1 g4 20. Bf1 gxh3 21.
gxh3 Be4 22. f4 Rg8+ 23. Kf2 Rg6 24. Ke2 Bf5 25. Kd1 Rg3 26. Re2 Bxh3 27. Bxh3+
Rxh3 28. Kd2 Rg8 29. Rce1 Ne4+ 30. Kd1 f5 31. a3 h4 32. Rf1 Ke6 33. Be1 Rg4 34.
Kc2 Ng3 35. Bxg3 Rgxg3 36. Kd2 Kf6 37. Rff2 Kg6 38. Rh2 Rxh2 39. Rxh2 Kh5 40.
Ke2 Kg4 41. Kf2 b5 42. Rh1 h3 43. Rh2 Rf3+ 44. Ke2 Rg3 45. Kf2 a5 46. b4 a4 47.
Rh1 Rg2+ 48. Kf1 Kg3 49. Ke1 h2 50. Kf1 Ra2 0-1

[Event "MS 2011-2012"]
[Site "?"]
[Date "2012.02.28"]
[Round "9.8"]
[White "Linart, Ludvík"]
[Black "Beneš, Jaroslav"]
[Result "0-1"]
[WhiteElo "1625"]
[BlackElo "1665"]
[PlyCount "116"]
[EventDate "2011.11.21"]
[SourceDate "2012.02.29"]
[WhiteTeam "Mar.Hory "C""]
[BlackTeam "Slovan "A""]

1. d4 Nf6 2. Bg5 Ne4 3. Nf3 Nxg5 4. Nxg5 d5 5. Nf3 g6 6. e3 Bg7 7. Be2 O-O 8.
Nbd2 Nd7 9. c4 c5 10. dxc5 Nxc5 11. Qc2 Bf5 12. Qd1 Nd3+ 13. Bxd3 Bxd3 14. Qb3
dxc4 15. Nxc4 Bxc4 16. Qxc4 Bxb2 17. Rb1 Rc8 18. Qb3 Bc3+ 19. Ke2 Qa5 20. Rhd1
Qa6+ 21. Qb5 Qxa2+ 22. Kf1 Rc7 23. Nd4 Bxd4 24. Rxd4 Rc2 25. Rf4 Rfc8 26. g3
Rc1+ 27. Rxc1 Rxc1+ 28. Kg2 Rc7 29. Ra4 Qe6 30. Rxa7 Qe4+ 31. Kh3 Qf5+ 32. Qxf5
gxf5 33. Kg2 e6 34. Kf3 Kf8 35. Ra8+ Kg7 36. Rb8 Kf6 37. Rh8 Kg7 38. Rb8 e5 39.
h4 h5 40. Re8 Rc5 41. Rb8 b5 42. Rb6 Kf8 43. Rb7 Ke8 44. Rb6 Ke7 45. Rb7+ Ke6
46. Rb6+ Kd5 47. Rh6 b4 48. Rxh5 b3 49. Rh8 Rb5 50. Rd8+ Kc4 51. h5 Rb6 52.
Rc8+ Kd3 53. Rd8+ Kc2 54. Rc8+ Kd1 55. Rd8+ Ke1 56. h6 b2 57. h7 b1=Q 58. g4
fxg4+ 0-1

[Event "MS 2011-2012"]
[Site "?"]
[Date "2012.03.06"]
[Round "10.4"]
[White "Hurta, Jan"]
[Black "Návrat, Vladimír"]
[Result "1/2-1/2"]
[WhiteElo "1649"]
[BlackElo "1664"]
[PlyCount "39"]
[EventDate "2012.03.01"]
[SourceDate "2012.03.07"]
[WhiteTeam "Slovan "B""]
[BlackTeam "Slavoj "D""]

1. e4 e5 2. Nf3 Nf6 3. Nc3 d6 4. d4 Bg4 5. dxe5 Bxf3 6. Qxf3 dxe5 7. Bc4 Bb4 8.
O-O O-O 9. Bg5 Nbd7 10. Nd5 Be7 11. Rad1 Nxd5 12. Bxd5 c6 13. Bxe7 Qxe7 14. Bb3
Rad8 15. a3 Nc5 16. Ba2 Ne6 17. Qe3 b6 18. b4 Rxd1 19. Rxd1 Rd8 20. Rd3 1/2-1/2

[Event "MS 2011-2012"]
[Site "?"]
[Date "2012.03.13"]
[Round "10.1"]
[White "Dobeš, Ludìk"]
[Black "Jamka, Bøetislav"]
[Result "1-0"]
[WhiteElo "2060"]
[BlackElo "1970"]
[PlyCount "85"]
[EventDate "2012.03.01"]
[SourceDate "2012.03.13"]
[WhiteTeam "VOKD "D""]
[BlackTeam "Slovan "A""]

1. d4 Nf6 2. Nf3 d5 3. c4 e6 4. cxd5 exd5 5. Nc3 c6 6. Bg5 Be7 7. e3 O-O 8. Qc2
h6 9. Bf4 Nbd7 10. h3 Re8 11. O-O-O b5 12. Kb1 a5 13. g4 a4 14. g5 hxg5 15.
Nxg5 b4 16. Nxa4 c5 17. dxc5 Rxa4 18. Qxa4 Nxc5 19. Qc2 g6 20. Rg1 b3 21. axb3
Qb6 22. Nxf7 Kxf7 23. Qxg6+ Ke6 24. h4 Bf8 25. Bg5 Nce4 26. f3 Nc3+ 27. Kc2 Kd7
28. bxc3 Qa5 29. Bh3+ Kc7 30. Ra1 Qb5 31. Bf4+ Kb7 32. Bxc8+ Rxc8 33. Qf7+ Nd7
34. Rgd1 Qe2+ 35. Rd2 Rxc3+ 36. Kxc3 Bb4+ 37. Kxb4 Qxd2+ 38. Ka4 Ka6 39. Ka3
Nb6 40. Qf6 Kb5 41. Qd4 Qc2 42. Rd1 Kc6 43. e4 1-0

[Event "MS 2011-2012"]
[Site "?"]
[Date "2012.03.13"]
[Round "10.3"]
[White "Tøetina, Zdenìk"]
[Black "Bártek, Jaromír"]
[Result "0-1"]
[WhiteElo "1802"]
[BlackElo "1707"]
[PlyCount "90"]
[EventDate "2012.03.01"]
[SourceDate "2012.03.13"]
[WhiteTeam "VOKD "D""]
[BlackTeam "Slovan "A""]

1. d4 Nf6 2. c4 g6 3. Nc3 Bg7 4. e4 d6 5. Bg5 O-O 6. Qd2 Nbd7 7. Bh6 e5 8. Bxg7
Kxg7 9. d5 Nc5 10. f3 Nh5 11. Nce2 a6 12. g3 f5 13. Bg2 f4 14. O-O-O Bd7 15.
gxf4 Nxf4 16. Nxf4 Rxf4 17. Kb1 b5 18. Ne2 Rf7 19. cxb5 axb5 20. f4 Ra4 21. b4
Na6 22. fxe5 dxe5 23. Rdf1 Rxf1+ 24. Rxf1 Rxb4+ 25. Ka1 Rc4 26. Qb2 Qe7 27. Nc1
Nb4 28. Rf2 Qg5 29. Kb1 Rxc1+ 30. Qxc1 Qxc1+ 31. Kxc1 Nd3+ 32. Kd2 Nxf2 33. Kc3
Nd1+ 34. Kb4 Ne3 35. Bf3 Nc2+ 36. Kc5 Nd4 37. Bg2 Kf6 38. d6 cxd6+ 39. Kxd6 Be8
40. h4 h6 41. Bh1 g5 42. hxg5+ hxg5 43. Bg2 g4 44. Bh1 g3 45. Bg2 Nc2 0-1

[Event "MS 2011-2012"]
[Site "?"]
[Date "2012.03.13"]
[Round "10.4"]
[White "Gavroò, Ladislav"]
[Black "Šípl, František"]
[Result "1/2-1/2"]
[WhiteElo "1749"]
[BlackElo "1814"]
[PlyCount "35"]
[EventDate "2012.03.01"]
[SourceDate "2012.03.14"]
[WhiteTeam "Slovan "A""]
[BlackTeam "VOKD "D""]

1. e4 c5 2. c3 d6 3. d4 cxd4 4. cxd4 a6 5. Nf3 g6 6. Bd3 Bg7 7. O-O Nf6 8. Be3
Ng4 9. h3 Nxe3 10. fxe3 O-O 11. Nbd2 b5 12. Rc1 Bb7 13. b4 Qb6 14. Qe2 Nc6 15.
a3 e6 16. Qf2 a5 17. Ng5 e5 18. d5 1/2-1/2

[Event "MS 2011-2012"]
[Site "?"]
[Date "2012.03.13"]
[Round "10.5"]
[White "Èáp, Šimon"]
[Black "Mladìjovský, Miroslav"]
[Result "1-0"]
[WhiteElo "1582"]
[BlackElo "1738"]
[PlyCount "47"]
[EventDate "2012.03.01"]
[SourceDate "2012.03.14"]
[WhiteTeam "VOKD "D""]
[BlackTeam "Slovan "A""]

1. e4 e5 2. Nf3 Nc6 3. Bc4 Nf6 4. Ng5 d5 5. exd5 Na5 6. Bb5+ c6 7. dxc6 bxc6 8.
Qf3 Bb7 9. Ba4 h6 10. Ne4 Nxe4 11. Qxe4 Qd4 12. Nc3 Qxe4+ 13. Nxe4 O-O-O 14.
O-O Nc4 15. Bb3 f5 16. Bxc4 fxe4 17. Re1 Bc5 18. Rxe4 Rhf8 19. Re2 Rd4 20. d3
e4 21. Be3 exd3 22. cxd3 Re8 23. Bxd4 Rxe2 24. Bxc5 1-0

[Event "MS 2011-2012"]
[Site "?"]
[Date "2012.03.13"]
[Round "10.6"]
[White "Beneš, Jaroslav"]
[Black "Mutina, Antonín"]
[Result "0-1"]
[WhiteElo "1665"]
[BlackElo "1939"]
[PlyCount "52"]
[EventDate "2012.03.01"]
[SourceDate "2012.03.14"]
[WhiteTeam "Slovan "A""]
[BlackTeam "VOKD "D""]

1. e4 c6 2. d4 d5 3. Nc3 dxe4 4. Nxe4 Bf5 5. Ng3 Bg6 6. h4 h6 7. Nf3 e6 8. h5
Bh7 9. Bd3 Bxd3 10. Qxd3 Nd7 11. Bf4 Ngf6 12. O-O-O Nd5 13. Bd2 Bd6 14. Ne4
N7f6 15. Nxd6+ Qxd6 16. Ne5 a5 17. c4 Nb4 18. Bxb4 axb4 19. Kb1 O-O 20. f3 Ra6
21. Qb3 Rfa8 22. Nd3 Rxa2 23. Qxa2 Rxa2 24. Kxa2 Qxd4 25. Nxb4 Qxc4+ 26. Ka3 c5
0-1

[Event "MS 2011-2012"]
[Site "?"]
[Date "2012.03.13"]
[Round "10.7"]
[White "Chleviš�an, Jaromír"]
[Black "Szabó, Pavel"]
[Result "1/2-1/2"]
[WhiteElo "1667"]
[BlackElo "1697"]
[PlyCount "34"]
[EventDate "2012.03.01"]
[SourceDate "2012.03.14"]
[WhiteTeam "VOKD "D""]
[BlackTeam "Slovan "A""]

1. d4 d5 2. c4 c6 3. Nc3 Nf6 4. Nf3 h6 5. Qb3 e6 6. Bf4 Be7 7. e3 O-O 8. cxd5
exd5 9. Be2 Nbd7 10. O-O Re8 11. Rfe1 Nf8 12. Ne5 Ne6 13. Bg3 Bf8 14. h4 Nd7
15. Bf3 Nxe5 16. Bxe5 Qxh4 17. e4 Ng5 1/2-1/2

[Event "MS 2011-2012"]
[Site "?"]
[Date "2012.03.27"]
[Round "11.1"]
[White "Jamka, Bøetislav"]
[Black "Lamper, Vlastimil"]
[Result "1/2-1/2"]
[WhiteElo "1970"]
[BlackElo "1973"]
[PlyCount "82"]
[EventDate "2012.03.01"]
[SourceDate "2012.03.28"]
[WhiteTeam "Slovan "A""]
[BlackTeam "Vítkovice"]

1. d4 d5 2. c4 c6 3. Nc3 Nf6 4. Nf3 a6 5. g3 g6 6. Bg2 Bg7 7. O-O O-O 8. Ne5
Nbd7 9. f4 dxc4 10. Nxc4 Nb6 11. Ne5 Nbd5 12. e4 Nxc3 13. bxc3 Nd7 14. Ba3 Nxe5
15. fxe5 Be6 16. Qc2 Bc4 17. Rf2 Qc7 18. Bf1 Be6 19. d5 cxd5 20. Re1 Rac8 21.
exd5 Bxd5 22. Bh3 Bxe5 23. Bxc8 Bxg3 24. hxg3 Qxg3+ 25. Kf1 Rxc8 26. Rxe7 Bc4+
27. Rfe2 Qf3+ 28. Kg1 Bxe2 29. Qxe2 Qg3+ 30. Kf1 Qf4+ 31. Kg2 Qa4 32. Bb2 Qc6+
33. Qf3 Qxf3+ 34. Kxf3 b5 35. Ra7 Rc6 36. c4 f6 37. cxb5 axb5 38. Rb7 Rc5 39.
Ke4 Rf5 40. Rb8+ Kf7 41. Rb7+ Kg8 1/2-1/2

[Event "MS 2011-2012"]
[Site "?"]
[Date "2012.03.27"]
[Round "11.2"]
[White "Šoki, Zdenìk"]
[Black "Bártek, Jaromír"]
[Result "1/2-1/2"]
[WhiteElo "1872"]
[BlackElo "1707"]
[PlyCount "80"]
[EventDate "2012.03.01"]
[SourceDate "2012.03.28"]
[WhiteTeam "Vítkovice"]
[BlackTeam "Slovan "A""]

1. d4 g6 2. Nc3 Nf6 3. e4 d6 4. Nf3 Bg7 5. Bc4 Nc6 6. Bb3 O-O 7. Bg5 Na5 8. Qd2
Nxb3 9. axb3 c6 10. h4 Bg4 11. Nh2 Bd7 12. O-O-O Ne8 13. h5 f6 14. Bh6 Qa5 15.
hxg6 hxg6 16. Bxg7 Nxg7 17. Nf3 Bg4 18. Qh6 Bxf3 19. gxf3 Qg5+ 20. f4 Qxh6 21.
Rxh6 Kf7 22. Rg1 Ne6 23. Rhxg6 Nxf4 24. Rg7+ Ke8 25. d5 Kd7 26. R1g4 Nh3 27. f4
Rh8 28. Kd2 Raf8 29. f5 Ng5 30. dxc6+ bxc6 31. b4 Nf3+ 32. Ke3 Ne5 33. Rg2 Rb8
34. b5 Rh4 35. b3 Rbh8 36. bxc6+ Nxc6 37. Kd2 Rh2 38. Nd5 Rxg2+ 39. Rxg2 Rh4
40. Rg7 Kd8 1/2-1/2

[Event "MS 2011-2012"]
[Site "?"]
[Date "2012.03.27"]
[Round "11.3"]
[White "Hettenberger, Miroslav"]
[Black "Šafaøík, Roman"]
[Result "1/2-1/2"]
[WhiteElo "1835"]
[BlackElo "1790"]
[PlyCount "61"]
[EventDate "2012.03.01"]
[SourceDate "2012.03.28"]
[WhiteTeam "Slovan "A""]
[BlackTeam "Vítkovice"]

1. c4 Nf6 2. Nc3 e6 3. Nf3 d5 4. e3 Be7 5. d4 O-O 6. Bd3 b6 7. O-O c5 8. dxc5
Bxc5 9. a3 Bb7 10. b4 Be7 11. Bb2 dxc4 12. Bxc4 Qxd1 13. Raxd1 Nc6 14. Rd2 Rfd8
15. Rfd1 Rxd2 16. Rxd2 Rd8 17. Rxd8+ Bxd8 18. h3 Ne7 19. Nd2 Ned5 20. Nxd5 Nxd5
21. e4 Nc7 22. f3 Bg5 23. Nf1 b5 24. Bb3 Kf8 25. Kf2 Ne8 26. g3 a6 27. h4 Bd8
28. Bd4 Nc7 29. Ke3 f6 30. f4 g6 31. Nd2 1/2-1/2

[Event "MS 2011-2012"]
[Site "?"]
[Date "2012.03.27"]
[Round "11.4"]
[White "Bagar, Miroslav"]
[Black "Gavroò, Ladislav"]
[Result "0-1"]
[WhiteElo "1544"]
[BlackElo "1749"]
[PlyCount "68"]
[EventDate "2012.03.01"]
[SourceDate "2012.03.28"]
[WhiteTeam "Vítkovice"]
[BlackTeam "Slovan "A""]

1. e4 c5 2. c3 Nc6 3. Nf3 e5 4. d4 cxd4 5. cxd4 f5 6. Nxe5 Nf6 7. Bc4 fxe4 8.
Nf7 Qb6 9. Nxh8 d5 10. Be2 Be6 11. O-O O-O-O 12. Nc3 Bd6 13. Ng6 hxg6 14. Na4
Qc7 15. g3 Rh8 16. f4 Kb8 17. Be3 Qc8 18. Rc1 Rh3 19. a3 Qh8 20. Rf2 g5 21.
fxg5 Bxg3 22. Rg2 Rxh2 23. Bh5 Nxh5 24. Rxh2 Bxh2+ 25. Kxh2 Ng3+ 26. Kxg3 Qh3+
27. Kf2 Qh4+ 28. Kf1 Bh3+ 29. Ke2 Bg4+ 30. Kd2 Qh2+ 31. Kc3 Bxd1 32. Rxd1 Qe2
33. Bf4+ Ka8 34. Rd2 Qc4# 0-1

[Event "MS 2011-2012"]
[Site "?"]
[Date "2012.03.27"]
[Round "11.5"]
[White "Beneš, Jaroslav"]
[Black "Bosák, Michal"]
[Result "1/2-1/2"]
[WhiteElo "1665"]
[BlackElo "1596"]
[PlyCount "67"]
[EventDate "2012.03.01"]
[SourceDate "2012.03.28"]
[WhiteTeam "Slovan "A""]
[BlackTeam "Vítkovice"]

1. e4 e5 2. Nf3 d6 3. d4 exd4 4. Nxd4 Nf6 5. Nc3 a6 6. a4 Be7 7. Bc4 O-O 8. O-O
Bd7 9. Re1 Nc6 10. Nd5 Ne5 11. Bb3 Re8 12. Nxe7+ Rxe7 13. Bg5 Re8 14. h3 h6 15.
Bxf6 Qxf6 16. c3 Nc6 17. Qd2 Qg6 18. Qd3 Ne5 19. Qe3 Nc6 20. Kh2 Kh8 21. Qg3
Qxg3+ 22. Kxg3 Re7 23. Re3 Rae8 24. Rae1 f6 25. Nf3 Be6 26. Bc2 Bf7 27. Nh4 Ne5
28. b3 Kg8 29. Nf5 Rd7 30. f4 Nc6 31. b4 Ne7 32. Nd4 Kf8 33. Bb3 Bxb3 34. Nxb3
1/2-1/2

[Event "MS 2011-2012"]
[Site "?"]
[Date "2012.03.27"]
[Round "11.6"]
[White "Ludvová, Marie"]
[Black "Szabó, Pavel"]
[Result "0-1"]
[WhiteElo "1527"]
[BlackElo "1697"]
[PlyCount "100"]
[EventDate "2012.03.01"]
[SourceDate "2012.03.28"]
[WhiteTeam "Vítkovice"]
[BlackTeam "Slovan "A""]

1. d4 d5 2. c4 c6 3. Nc3 Nf6 4. Bg5 e6 5. e3 Be7 6. Nf3 Nbd7 7. Bd3 dxc4 8.
Bxc4 O-O 9. O-O h6 10. Bh4 Nd5 11. Bg3 Bf6 12. Rc1 Re8 13. e4 N5b6 14. Bd3 Nf8
15. e5 Be7 16. Ne4 Nd5 17. a3 Qb6 18. b4 a5 19. bxa5 Qxa5 20. Nc5 Qxa3 21. Qd2
Qa5 22. Qb2 Qb4 23. Qb1 Qxb1 24. Rxb1 Bxc5 25. dxc5 Nd7 26. Rfc1 Ra5 27. Nd4
Nxc5 28. Be2 Ne4 29. Ra1 Rxa1 30. Rxa1 Nxg3 31. hxg3 Nc7 32. f4 Rd8 33. Rd1 c5
34. Nb3 Rxd1+ 35. Bxd1 b6 36. Be2 Ba6 37. Kf2 Kf8 38. Ke1 Ke7 39. Bf3 Bc4 40.
Nd2 Bd5 41. Ne4 Bxe4 42. Bxe4 Nb5 43. Kd2 Nd4 44. Bd3 h5 45. Kc3 g6 46. Bf1 Kd7
47. Bd3 Kc7 48. Kc4 Nf5 49. Bxf5 gxf5 50. Kb5 Kb7 0-1

[Event "MS 2011-2012"]
[Site "?"]
[Date "2012.03.27"]
[Round "11.7"]
[White "Dimov, Georgiev"]
[Black "Ruzicka, Lubomír"]
[Result "1-0"]
[WhiteElo "1465"]
[BlackElo "1571"]
[PlyCount "87"]
[EventDate "2012.03.01"]
[SourceDate "2012.03.28"]
[WhiteTeam "Slovan "]
[BlackTeam "Vítkovice"]

1. e4 e5 2. Nf3 d5 3. exd5 Qxd5 4. Nc3 Qe6 5. d3 Nf6 6. Be2 Bd7 7. a3 Bd6 8. h3
a5 9. Bd2 Bc6 10. Na2 Bd5 11. c4 Bc6 12. Bc3 b5 13. cxb5 Bxb5 14. Qd2 Nc6 15.
b4 axb4 16. Nxb4 Nxb4 17. Bxb4 O-O 18. O-O Rfe8 19. Rfe1 c5 20. Bc3 Ba4 21. Bd1
Bxd1 22. Qxd1 Qf5 23. Nh2 Rad8 24. Qf3 Qe6 25. Ng4 Nxg4 26. Qxg4 f5 27. Qc4 e4
28. Qxe6+ Rxe6 29. dxe4 fxe4 30. Rab1 Bf8 31. Re3 Red6 32. Rbe1 Ra8 33. g3 Kf7
34. Kg2 Kg6 35. Be5 Rd5 36. Rxe4 Rxa3 37. Bf4 h6 38. Re6+ Kf7 39. Rc6 Rc3 40.
Rc7+ Kg6 41. Rc8 Rf5 42. Ree8 c4 43. Rxf8 Rxf8 44. Rxf8 1-0